Ekonometrické metódy I.

Na minha lista:
Detalhes bibliográficos
Autor principal: Hatrák, Michal
Corporate Authors: Ekonomická univerzita v Bratislave, Ekonomická univerzita v Bratislave. Fakulta hospodárskej informatiky
Formato: Livro
Idioma:eslovaco
Publicado em: Bratislava EU 1995
Edição:2. vyd.
Assuntos:
Tags: Adicionar Tag
Sem tags, seja o primeiro a adicionar uma tag!

MARC

LEADER 00000nam a2200000 4500
001 0074366
005 20181205142928.2
020 |a 80-225-0695-8 
041 0 |a slo 
044 |a SK 
245 1 0 |a Ekonometrické metódy I.  |c Michal Hatrák 
250 |a 2. vyd. 
264 1 |a Bratislava  |b EU  |c 1995 
300 |a 285 s. 
610 2 0 |a metódy ekonomicko-matematické 
610 2 0 |a ekonometria 
610 2 0 |a modely lineárne 
610 2 0 |a modely ekonometrické 
610 2 0 |a metóda štvorcov najmenších 
610 2 0 |a testovanie hypotéz 
100 1 |a Hatrák, Michal 
710 2 |a Ekonomická univerzita v Bratislave 
710 2 |a Ekonomická univerzita v Bratislave. Fakulta hospodárskej informatiky